| 000 | 00424nam a2200145Ia 4500 | ||
|---|---|---|---|
| 008 | 220217s9999||||xx |||||||||||||| ||und|| | ||
| 020 | _a9780071070249 | ||
| 082 | _a658.311 GAL | ||
| 100 |
_aGalanes, Gloria and Adams, Katherine _98166 |
||
| 245 | 0 | _aEffective group discussion | |
| 250 | _a12th | ||
| 260 |
_aTata mcgraw hill company Ltd _bNew Delhi _c2010 |
||
| 300 |
_aXVII, 473p. _b399 |
||
| 650 | _aGENERAL BOOKS | ||
| 999 |
_c182890 _d182890 |
||